| 000 | 01481cas a2200373 a 4500 | ||
|---|---|---|---|
| 001 | 11132460 | ||
| 005 | 20180122075839.0 | ||
| 008 | 990518c19739999mouar f 0 a0eng c | ||
| 010 |
_asn 95038289 _z 72011153 _z 76030576 _z 81004027 _z 84019015 _z 88008896 _z 90006595 _z 92114359 _z 93240922 _z 95229443 _z 96214739 _z 98167198 _z 99185174 _z 99016510 |
||
| 016 | 7 |
_a9441336 _2DNLM |
|
| 016 | 7 |
_aSR0082338 _2DNLM |
|
| 022 | 0 |
_a1556-7443 _21 |
|
| 035 | _a(OCoLC)ocm30443564 | ||
| 037 | _bElsevier Mosby, 11830 Westline Industrial Drive, St. Louuis, MO 63146 | ||
| 040 |
_aAZN _beng _cAZN _dOCL _dNLM _dOCL _dZYU _dIUL _dDLC _dNSD _dOCLCQ _dKMS _dOCLCQ _dIUL _dOCLCF _dYDXCP _dOCLCQ _dOCLCO _dOCL _dOCLCQ _dOCLCO _dYUM _dOCLCO _dOCLCA |
||
| 041 | _aeng | ||
| 042 |
_apcc _ansdp |
||
| 060 | 0 | 0 |
_aWB 39 _bG1332i |
| 080 | _a615.8 GAH | ||
| 082 | 1 | 0 |
_a615.8 GAH _213 |
| 100 | _a5 | ||
| 101 | _aFAR | ||
| 222 | 0 | _aIntravenous medications | |
| 245 | 0 | 0 | _aIntravenous medications : |
| 310 |
_aAnnual, _b<1994-> |
||
| 362 | 0 | _a[1st ed.]- | |
| 776 | 0 | 8 |
_iOnline version: _tIntravenous medications (Online) _w(OCoLC)77081390 |
| 906 |
_a7 _bcbc _cserials _d2 _encip _f19 _gn-oclcserc |
||
| 942 |
_2ddc _cBK |
||
| 999 |
_c40670 _d40670 |
||